Acteur X de l'année par année - Statistiques

Statistiques générales
  • Ce quiz a été pris 509 fois
  • Le résultat moyen est 7 sur 32
Statistiques - réponses
Année Nom de l'interprète masculin de l'année % Correct
2019 Manuel Ferrara
90%
2014 Manuel Ferrara
90%
2012 Manuel Ferrara
90%
2010 Manuel Ferrara
90%
2006 Manuel Ferrara
90%
2005 Manuel Ferrara
90%
1996 Rocco Siffredi
71%
1993 Rocco Siffredi
71%
2013 James Deen
4%
2009 James Deen
4%
2017 Mick Blue
3%
2016 Mick Blue
3%
2015 Mick Blue
3%
2018 Markus Dupree
2%
2024 Isiah Maxwell
1%
2003 Lexington Steele
1%
2002 Lexington Steele
1%
2000 Lexington Steele
1%
2023 Seth Gamble
1%
2021 Small Hands
1%
2020 Small Hands
1%
2022 Tommy Pistol
1%
2011 Evan Stone
0%
2008 Evan Stone
0%
2001 Evan Stone
0%
1995 John Doug
0%
1994 Jonathan Morgan
0%
2004 Michael Stefano
0%
1999 Tom Byron
0%
1998 Tom Byron
0%
2007 Tommy Gunn
0%
1997 T.T.Boy
0%
Aucun quiz correspondant
Distribution des résultats
% des personnes avec chaque résultat
Percentile par nombre de réponses
Votre historique - résultats
Vous n’avez pas pris ce quiz